| 000 | 00925nam a2200241 a 4500 | ||
|---|---|---|---|
| 999 |
_c6115 _d6115 |
||
| 001 | 6115 | ||
| 003 | BD-JhCC | ||
| 005 | 20210923134021.0 | ||
| 008 | 180101s2007 xxu||||| |||| 00| 0 ben d | ||
| 035 | _a(BD-JhCC)6115 | ||
| 040 |
_aBD-JhCC _dBD-JhCC |
||
| 041 | _aben | ||
| 082 |
_a297.124 _bJAH 2007 |
||
| 100 | _aজাহাঙ্গীর, ড. খোন্দকার আব্দুল্লাহ | ||
| 245 |
_aএহ্ইয়াউস সুনান : _bসুন্নাতের পুনরুজ্জীবন ও বিদআতের বিসর্জন / _cড. খোন্দকার আব্দুল্লাহ জাহাঙ্গীর |
||
| 250 | _a5th ed. | ||
| 260 |
_aঝিনাইদহ : _bআস-সুন্নাহ পাবলিকেশন্স; _c2007 |
||
| 300 |
_a575 p. : _c22 cm. |
||
| 650 | _aHadith | ||
| 650 | _aIslam | ||
| 942 |
_2ddc _cBK _08 |
||